NCAA Basketball 2011: University of Illinois Quiz Stats

Quiz Updated Oct 14, 2016

Score 0/22 Timer 05:00
0 Plays Today
Hint Answer % Correct
NicknameFighting Illini
96.9%
ConferenceBig Ten
96.6%
ColorsBlue and Orange
95.9%
CityChampaign, Illinois
90%
Basketball ArenaAssembly Hall
78.9%
CoachBruce Weber
70.1%
GuardBrandon Paul
68%
GuardDemetri McCamey
67.2%
CenterMike Tisdale
66.9%
GuardD.J. Richardson
65.9%
ForwardMike Davis
60.6%
Hint Answer % Correct
Second Round OpponentUNLV
54.5%
CenterMeyers Leonard
52.5%
GuardCrandall Head
49%
ForwardJereme Richmond
48.7%
ForwardBill Cole
46.1%
ForwardTyler Griffey
40.7%
GuardJoseph Bertrand
30.2%
All-time Leading Scorer (2,129 points)Deon Thomas
26%
Highest NBA Scoring AlumEddie Johnson
18.8%
GuardKevin Berardini
9.9%
GuardJean Selus
9.4%

You're not logged in!

Compare scores with friends on all Sporcle quizzes.
Sign Up with Email
OR
Log In

Show Comments

Extras

Top Quizzes Today


Score Distribution

Your Account Isn't Verified!

In order to create a playlist on Sporcle, you need to verify the email address you used during registration. Go to your Sporcle Settings to finish the process.